Nadechnout se /

Psychologický román s výrazným sociálním podtextem z roku 1939 zachycuje tísnivou společenskou atmosféru v Anglii před 2. světovou válkou očima pojišťovacího agenta.

Hlavní autor: Orwell, George, 1903-1950
Další autoři: Kopecký, Petr, 1976-
Jazyk: Čeština
Vydáno: Praha : Argo, 2019
Vydání: Druhé, upravené vydání, v Argu první
Témata:
Fyzický popis: 237 stran ; 20 cm
Knihy
Uloženo v:
LEADER 02414nam a2200421 i 4500
001 nkc20193123476
003 CZ PrNK
005 20191209104307.0
007 ta
008 190816s2019 xr g 000 f cze
015 |a cnb003123476 
020 |a 978-80-257-2850-5  |q (brožováno) :  |c Kč 279,00 
035 |a (OCoLC)1130285097 
040 |a ABG001  |b cze  |d OLA001  |e rda 
041 1 |a cze  |h eng 
072 7 |a 821.111-3  |x Anglická próza, anglicky psaná  |2 Konspekt  |9 25 
080 |a 821.111-31  |2 MRF 
080 |a (0:82-31)  |2 MRF 
100 1 |a Orwell, George,  |d 1903-1950  |7 jn19981001921  |4 aut 
240 1 0 |a Coming up for air.  |l Česky  |7 aun20191053570 
245 1 0 |a Nadechnout se /  |c George Orwell ; přeložil Petr Kopecký 
250 |a Druhé, upravené vydání, v Argu první 
264 1 |a Praha :  |b Argo,  |c 2019 
300 |a 237 stran ;  |c 20 cm 
336 |a text  |b txt  |2 rdacontent 
337 |a bez média  |b n  |2 rdamedia 
338 |a svazek  |b nc  |2 rdacarrier 
500 |a Přeloženo z angličtiny 
520 2 |a Psychologický román s výrazným sociálním podtextem z roku 1939 zachycuje tísnivou společenskou atmosféru v Anglii před 2. světovou válkou očima pojišťovacího agenta.  |b Příběh se odehrává na konci třicátých let a jeho hrdinou je průměrný obyvatel středoanglického předměstí, jehož práce pojišťovacího agenta je pro autora symbolem komerčnosti moderní doby. S ním se čtenář dostává mezi drobné obchodníky a zaměstnance velkých společností, kteří žijí v neustálém strachu před krachem. Hrdina, který svou životní nejistotu řeší útěkem do rodného kraje a nalézá tam průmyslové město, jež ho děsí, prochází bouřlivým vývojem a pod tlakem deziluze si do dalšího života odnáší pochybnou výhodu sebepoznání. Kritický odstup od sebe samého vede ale nakonec k hlubšímu pocitu odcizení od okolního světa. Kniha je charakteristická tématem odcizení, které přináší nástup moderního světa, a obavami z jeho dalšího vývoje. 
655 7 |a anglické romány  |7 fd131814  |2 czenas 
655 9 |a English fiction  |2 eczenas 
700 1 |a Kopecký, Petr,  |d 1976-  |7 xx0167098  |4 trl 
910 2 |a BOA001  |b 1-1434.554 
920 |a 4492252  |z ABG001 
990 |a BK 
995 |a 01 
991 |b 201910  |c NOV 
996 6 |b 2610799995  |c 1-1434.554  |l MZK  |r Sklad / do 1 hodiny  |n 2  |p p.v.  |w 001762381  |u 000010  |a 1  |e BOA001  |j MZK50  |s P